| 000 | 00593nam a22001817a 4500 | ||
|---|---|---|---|
| 999 |
_c480897 _d480897 |
||
| 003 | ASAB | ||
| 005 | 20200206101957.0 | ||
| 008 | 180514t xxu||||| |||| 00| 0 eng d | ||
| 038 | _aMian Adnan | ||
| 040 | _cASAB | ||
| 082 | _a020 | ||
| 100 |
_aSanila Amber-sup-Dr. Saadia Zahid _913893 |
||
| 245 |
_aTH-MS-Pharmacological Effects of Syzygium aromaticum Extract on AICI3 Induced Oxidative Stress in Mice Brain _cSanila Amber-sup-Dr. Saadia Zahid |
||
| 260 |
_aIslamabad _bASAB NUST _c2014 |
||
| 300 |
_axiii, 77 P _b30 cm |
||
| 630 |
_aVirology and Immunology _913894 |
||
| 942 |
_2ddc _cTHE |
||